00534nam a2200193 a 450000100060000000300090000600800410001502000150005604000280007108200090009910000190010824500530012726000290018030000150020949000230022450000280024765000340027565000310030920186CO-ViMGA141112s2004 ck r 000 u spa d a846671572X aCO-ViMGAbspacCO-ViMGA04aDIEs1 aDiego, Gerardo10aSi la palmera supiera ..., antologia poética  aMadrid : bAnaya, c2002 a136 p. il.0 aSopa de libros, 73 aA partirde 12 años. 14aPOESIA INFANTIL - COLECCIONES14aPOESIA INFANTIL ESPAÑOLA